Statistics for Guess the lyrics (#50)

Click here to take the quiz!

General Stats

  • This quiz has been taken 133 times
  • The average score is 50 of 100

Answer Stats

Answer% Correct
I
99%
the
97%
an
93%
You
93%
you
93%
and
85%
And
85%
to
83%
me
82%
be
81%
on
81%
in
78%
it
78%
is
76%
then
71%
So
70%
your
70%
my
69%
that
68%
are
58%
there
58%
this
56%
like
54%
see
50%
don't
49%
I'm
49%
was
48%
know
46%
am
44%
but
43%
would
42%
has
38%
man
38%
mine
38%
Now
36%
eyes
34%
baby
26%
feel
26%
light
25%
old
25%
we'll
25%
shine
24%
mind
23%
said
22%
about
20%
doesn't
19%
must
17%
wind
13%
anymore
12%
sailing
11%
ships
9%
tomorrow
9%
blows
8%
until
8%
wait
8%
Crazy
7%
darkness
7%
run
7%
cold
6%
find
6%
Ghost
5%
tired
5%
seas
4%
empty
3%
hypnotised
3%
mood
3%
shore
3%
darlin'
1%

Score Distribution

Percentile by Number Answered

Percent of People with Each Score

Your Score History

You have not taken this quiz